LEADER 02020nam 2200661Ia 450 001 9910465225703321 005 20220103204453.0 010 $a1-61209-854-1 035 $a(CKB)2560000000070413 035 $a(EBL)3019115 035 $a(SSID)ssj0000467269 035 $a(PQKBManifestationID)11321855 035 $a(PQKBTitleCode)TC0000467269 035 $a(PQKBWorkID)10489923 035 $a(PQKB)11367962 035 $a(MiAaPQ)EBC3019115 035 $a(Au-PeEL)EBL3019115 035 $a(CaPaEBR)ebr10662922 035 $a(OCoLC)704292669 035 $a(EXLCZ)992560000000070413 100 $a20090702d2009 uy 0 101 0 $aeng 135 $aur|n|---||||| 181 $ctxt 182 $cc 183 $acr 200 10$aBioarchaeological science$b[electronic resource] $ewhat we have learned from human skeletal remains /$fElizabeth Weiss 210 $aNew York $cNova Science Publishers$dc2009 215 $a1 online resource (164 p.) 300 $aDescription based upon print version of record. 311 $a1-60876-109-6 320 $aIncludes bibliographical references (p. [119]-137) and index. 606 $aHuman remains (Archaeology) 606 $aHuman biology 606 $aHuman remains (Archaeology)$xAnalysis 606 $aBones$xAnalysis 606 $aHuman skeleton$xAnalysis 606 $aHuman ecology 606 $aSocial ecology 606 $aPaleopathology 608 $aElectronic books. 615 0$aHuman remains (Archaeology) 615 0$aHuman biology. 615 0$aHuman remains (Archaeology)$xAnalysis. 615 0$aBones$xAnalysis. 615 0$aHuman skeleton$xAnalysis. 615 0$aHuman ecology. 615 0$aSocial ecology. 615 0$aPaleopathology. 676 $a930.1 700 $aWeiss$b Elizabeth$f1974-$0925486 801 0$bMiAaPQ 801 1$bMiAaPQ 801 2$bMiAaPQ 906 $aBOOK 912 $a9910465225703321 996 $aBioarchaeological science$92567124 997 $aUNINA LEADER 01351nam 2200325Ia 450 001 996387056803316 005 20210104171841.0 035 $a(CKB)4940000000084030 035 $a(EEBO)2240882142 035 $a(OCoLC)ocn226318228e 035 $a(OCoLC)226318228 035 $a(EXLCZ)994940000000084030 100 $a20080428d1684 uy 0 101 0 $alat 135 $aurbn||||a|bb| 200 10$aDissertationem medicam de arthritide, sub praesidio$b[electronic resource] $eviri nobilissimi, excellentissimi, atq? experientissimi Dn. Caroli Drelincurtii ... publico ... examini in auditorio medico, horisq; solitis, ad diem XV. Julii ... M. DC. LXXXI. subjiciet, & respondendo defendere conabitur /$fautor, Barthlomaeus Tobias Seibtius, Gorl. Hexap 210 $aLugduni Batavorum & Budissini, $cLiteris Elzevierianis & Richterianis$dM. DC. LXXXIV. [1684] 215 $a[31] p 300 $aReproduction of original in the British Library. 330 $aeebo-0018 606 $aArthritis$vEarly works to 1800 615 0$aArthritis 700 $aSeibtius$b Barthlomaeus Tobias$ffl. 1681.$01021218 701 $aDrelincourt$b Charles$f1633-1697.$01017291 801 0$bUMI 801 1$bUMI 906 $aBOOK 912 $a996387056803316 996 $aDissertationem medicam de arthritide, sub praesidio$92420042 997 $aUNISA